|
|
|
|
| LEADER |
00000naa2a2200000 4500 |
| 001 |
92644 |
| 005 |
20231031104753.0 |
| 035 |
|
|
|a (RuTPU)RU\TPU\book\99249
|
| 090 |
|
|
|a 92644
|
| 100 |
|
|
|a 20060316d2005 k y0rusy50 ca
|
| 101 |
0 |
|
|a rus
|
| 102 |
|
|
|a RU
|
| 200 |
1 |
|
|a Особенности горения гелеообразных топлив, содержащих нитрат аммония и сверхтонкий порошок алюминия
|f В. А. Архипов, Л. А. Савельева, Е. С. Синогина
|
| 320 |
|
|
|a Библиогр.: 1 назв.
|
| 463 |
|
0 |
|0 (RuTPU)RU\TPU\book\95229
|t Энергетика: экология, надежность, безопасность
|o материалы докладов одиннадцатой Всероссийской научно-технической конференции, Томск, 7-9 декабря 2005 г.
|f Томский политехнический университет; Российский фонд фундаментальных исследований; Международная энергетическая академия; Международная академия наук экологии и безопасности жизнедеятельности; Энергетика: экология, надежность, безопасность, Всероссийская научно-техническая конференция
|v С. 392-394.
|d 2005
|p 542 с.
|
| 610 |
1 |
|
|a топливо
|
| 610 |
1 |
|
|a гелеобразное топливо
|
| 610 |
1 |
|
|a нитрат аммония
|
| 610 |
1 |
|
|a алиминий
|
| 610 |
1 |
|
|a сверхтонкие порошки
|
| 610 |
1 |
|
|a горение
|
| 610 |
1 |
|
|a ракетные двигатели
|
| 610 |
1 |
|
|a труды учёных ТПУ
|
| 675 |
|
|
|a 629.7;574;55.550.3
|v 3
|
| 700 |
|
1 |
|a Архипов
|b В. А.
|
| 701 |
|
1 |
|a Савельева
|b Л. А.
|
| 701 |
|
1 |
|a Синогина
|b Е. С.
|
| 801 |
|
1 |
|a RU
|b 63413507
|c 20060316
|g PSBO
|
| 801 |
|
2 |
|a RU
|b 63413507
|c 20141219
|g RCR
|
| 942 |
|
|
|c BK
|